Newtonove zákony a marketing

Výroba a poskytované služby zákazníkom. Konkurenčný boj. Očakávané chovanie a spotrebiteľská nálada zákazníka. Využitie metód na ich určenie. Úloha a vplyv PR (publuc relation) na správanie sa zákazníka. Charakteristika základných princípov marketingu.

Guardado en:
Detalles Bibliográficos
Formato: Capítulo de libro
Lenguaje:eslovaco
Materias:
Etiquetas: Agregar Etiqueta
Sin Etiquetas, Sea el primero en etiquetar este registro!

MARC

LEADER 00000naa$a2200000$$$4500
001 0068703
005 20231006122037.2
041 0 |a slo 
044 |a SK 
245 1 0 |a Newtonove zákony a marketing 
520 |a Výroba a poskytované služby zákazníkom. Konkurenčný boj. Očakávané chovanie a spotrebiteľská nálada zákazníka. Využitie metód na ich určenie. Úloha a vplyv PR (publuc relation) na správanie sa zákazníka. Charakteristika základných princípov marketingu. 
610 2 0 |a spotrebitelia 
610 2 0 |a marketing 
610 2 0 |a metódy 
610 2 0 |a správanie spotrebiteľa